Acuerdo conclusivo voluntario (Registro nro. 20225)

Detalles MARC
000 -LEADER
fixed length control field 00310 a2200109 4500
001 - CONTROL NUMBER
control field ART_48656
005 - DATE AND TIME OF LATEST TRANSACTION
control field 20260410161757.0
008 - FIXED-LENGTH DATA ELEMENTS--GENERAL INFORMATION
fixed length control field 260409a
100 1# - MAIN ENTRY--PERSONAL NAME
Personal name Coronello, Silvina E.
245 10 - TITLE STATEMENT
Title Acuerdo conclusivo voluntario
773 0# - HOST ITEM ENTRY
Title Doctrina tributaria
Related parts - N°469 (abr. 2019)
Record control number REV4296

No hay ítems disponibles.